000 00494nam a2200193Ia 4500
008 220531s9999 xx 000 0 und d
041 _aeng
082 _a-
_bVAR
100 _aVarkey, S. Ed.
_963696
245 _aGlobalization, State And Governance
250 _a1ST
260 _aNew Delhi
_bNew Century
_c2014
300 _a327
542 _d22-04-2015
551 _aEconomics
_bGrantebal-E
650 _aGlobalization
_963697
906 _d2015-2016
_f8169
999 _c36162
_d36162